00921nam a2200181 a 450000100060000000300090000600800410001504000280005608200190008411000300010324500790013326000530021230000100026550503370027565000470061265000450065965000350070422772CO-ViMGA141112s2004 ck r 000 u spa d aCO-ViMGAbspacCO-ViMGA04a346.0135 C656c aColombia. Leyes, Decretos10aCódigo de la infancia y la adolescencia : bLey 1098 noviembre 8 de 2006 aColombia : bComercializadora Graficas el Dorado a302p. aLa proteccion integral, Disposiciones generales, Sistema Nacional de bienestar familiar y Políticas publicas e inspeccion, vigilancia y control, Expendido de bebidas embriagantes a menores de edad, Explotacion a menores de edad, Norma para la prevencion de la violencia sexual, Sistemas de responsabilidad penal para adolescentes14aCODIGO DEL MENOR - LEGISLACION - COLOMBIA 14aDERECHOS DE LOS ADOLESCENTES - COLOMBIA 14aDERECHOS DEL NIÑO - COLOMBIA